| 000 | 00593nam a22002177a 4500 | ||
|---|---|---|---|
| 003 | BD-ChCU | ||
| 005 | 20260405100522.0 | ||
| 008 | 260405b ny ||||| |||| 00| 0 eng d | ||
| 020 | _a9780323531139 | ||
| 040 | _cBD-ChCU | ||
| 082 |
_223 _a616.07 K95r |
||
| 100 |
_aKumar, Vinay. _921116 |
||
| 245 |
_aRobbins and cotran pathologic basis of diseases/ _cVinay Kumar. |
||
| 250 | _a10ed. | ||
| 260 |
_aNew York : _bElsevier, _c2021 |
||
| 300 | _aV.1 | ||
| 504 | _aIncludes. | ||
| 650 | 0 |
_aPathology ; Pathology. _921119 |
|
| 700 |
_aAbbas, Abdul K. _eJt.Author _921120 |
||
| 942 |
_2ddc _cBK _n0 |
||
| 999 |
_c112028 _d112028 |
||